Supreme Court on Words and Phrases, 1950-2008 : (Record no. 619068)

MARC details
000 -LEADER
fixed length control field 00521nam a2200193 a 4500
008 - FIXED-LENGTH DATA ELEMENTS--GENERAL INFORMATION
fixed length control field 260407s2008##################000#0#eng##
020 ## - INTERNATIONAL STANDARD BOOK NUMBER
ISBN 9788185902999
082 04 - DEWEY DECIMAL CLASSIFICATION NUMBER
Classification number 348.54046
Item number SET
100 1# - MAIN ENTRY--AUTHOR NAME
Personal name Sethi, R. P.,
245 10 - TITLE STATEMENT
Title Supreme Court on Words and Phrases, 1950-2008 :
260 ## - PUBLICATION, DISTRIBUTION, ETC. (IMPRINT)
Year of publication 2008.
300 ## - PHYSICAL DESCRIPTION
Number of Pages 1479 pages
650 #0 - SUBJECT ADDED ENTRY--TOPICAL TERM
Topical Term Annotations and citations (Law).
942 ## - ADDED ENTRY ELEMENTS (KOHA)
Koha item type English Books
Holdings
Withdrawn status Lost status Damaged status Not for loan Home library Current library Shelving location Date acquired Full call number Accession Number Price effective from Koha item type
        Anna Centenary Library Anna Centenary Library 4TH FLOOR, A WING 07.04.2026 348.54046 SET 282893 07.04.2026 English Books

Find us on the map